00495nam a2200193Ia 4500003000400000005001700004008004100021020002200062040000700084041000800091082001600099100002000115245004000135260005400175300001800229365001300247650001800260650002300278OSt20230511094219.0210423s2014 xx 000 0 und d a978-81-8457-589-7 cAL aeng a302.23 SAXM aSAXENA (Ambris) aMedia content freedom and democracy aNew DelhibKanishka Publishers Distributorsc2014 axiii,322pbHB b995cINR aCommunication aSocial Interaction